00693 2200253 4500001002100000005001700021008004100038020002200079035002500101040001200126082002000138084002000158090002000178100002100198245006400219250001100283260003800294300003100332650001200363700001500375700001600390850001200406990002100418INLIS00000000000058220141127130212.0  a978-602-7728-40-0 a0010-101400000000477 aYOPDYOG aDEP 372.4 Pri C aDEP 372.4 Pri C aDEP 372.4 Pri C aPRISMA WULANDARI aCepat pintar belajar membaca 10 menit saja Prisma Wulandari aCet. 1 aYogyakartabIdea World Kidzc2013 aii, 46 hlm.bilus.c26 cm. aMembaca aAthenk Art aBayu Aditya aYOPDYOG aCB-D.11-2013-832